00469nam a22001697a 450000500170000001000150001702000100003203500130004203700130005508200100006810000240007824500460010226000420014827000450019030000240023550000400025920100819153035.0 aENG-101001 c80.00 aEN-84534 bDBAD/PUB a361.7 aBalasubramanian ,D  aSelf help groups /cby D Balasubramanian  aKoradacherybAruma Pathippagam c2008 a35, Gandhi Colony bKoradachery e613703 aiii,128pc19cm(pbk) aincluds bibliographical references